MDQL
is popping MORE tags! Check the
thread
!
Quizzes
Events
Quiz Creation
Community
Videos
Private Events
Remove Ads
Sign In
Join for FREE
Feedback
Dark Mode
Quiz Categories
Sports
Geography
Music
Movies
Television
Just For Fun
Miscellaneous
History
Literature
Language
Science
Gaming
Entertainment
Religion
Holiday
For Kids
Quiz Lab
Recent
Popular Today
Quiz Kudos Today
Editor Picks
Curator Picks
Quizzes by...
Day
Popularity
Type
Ratings
Length
Year
Community
Subscriptions
Recent Discussions
Orange Saloon
Badges
Playlists
Quests
Create
Leaderboards
Showdown
Live 5
Trivia Bingo
Activity
Puzzle Library
Sporcle Events
Private Events
Virtual Trivia
Globe League
Become a Host
Pub Owners
SporcleCon
Opinionation
Our Games
Videos
Blog
Mobile Apps
Partnerships
Remove Ads and Go Orange
Feedback
Gaming
Video Games
Board Games
Card Games
Pokémon
Mario
Nintendo
Minecraft
Console
Toys
Legend of Zelda
Gaming
Video Games
Board Games
Card Games
Pokémon
Mario
Nintendo
Minecraft
Console
Toys
Legend of Zelda
Random Quiz
Search Sporcle
×
Quiz Lab
Quiz Lab
Gaming
Pokémon
Type in answers that appear in a list
Type in answers that appear in a list
Classic
Best Score? Go Orange.
Missing Gen 1 Pokemon Stats
Can you name the missing Gen 1 mons?
By
Bokienextdoor
13m
17 Questions
74 Plays
74 Plays
74 Plays
Comments
Comments
Give Quiz Kudos
Give Quiz Kudos
-
- Ratings
hide this ad
Replay
Link that replays current quiz
Next Quiz
Link to next quiz in quiz playlist
You Got
0%
They Got
Avg Score
50%
Avg Friend Score
Upgrade to see
Score Distribution
Jump to the score distribution portion of the page
Score
0/17
Timer
13:00
0
Plays Today
Missing Mon
% Correct
Raichu
68.9%
Squirtle
64.9%
Metapod
62.2%
Poliwhirl
59.5%
Abra
59.5%
Machop
58.1%
Fearow
55.4%
Arcanine
55.4%
Goldeen
52.7%
Missing Mon
% Correct
Victreebel
48.6%
Golduck
47.3%
Tentacool
44.6%
Vulpix
43.2%
Ninetales
40.5%
Lapras
35.1%
Seel
33.8%
Dewgong
28.4%
Quiz Playlist
Details
Report
Send in Message
Add To Playlist
Classic:
Type in answers that appear in a list
Last Updated: Feb 16, 2017
Quiz Scoreboard
CHALLENGE
Sign Up to Join the Scoreboard
Show All
Scores
Hide
Comments
May contain spoilers
Recently Published
Find the 'City' Movie
by crazypaving
Movies
60s
5x2 Blitz: Bands
by SL_Kpop136
Music
30s
Colored Red Africa Blitz
by spor1
Geography
30s
More to Explore
Quiz From the Vault
Featured Blog Post
14 Easter Pick-up Lines to Find Eggs With
hide this ad
You Might Also Like...
Tags
Pokémon Quiz
gen
Gen 1
mon
Today's Top Quizzes in Gaming
Browse Gaming
hide this ad
Today's Top Quizzes in Pokémon
Browse Pokémon
Top Contributed Quizzes in Gaming
1
Destiny 2 exotic weapons by perk icons
2
Legendary or Exotic?
3
Dead By Daylight Logic Puzzle
4
Genshin murder mystery
5
League of Legends Pro Players by Career/Team History
6
Overwatch Logic Puzzle
7
Stardew Mayhem 2: Electric Boogaloo
8
Windmill: Elements
9
Arcade Game Bunker
10
Valorant Utility Use (Up to Clove)
Explore More
Trending Topics
Harry Potter
Anime
Kpop
NBA
Disney
Crossword
Marvel
Pokémon
WWE
Song
NFL
Soccer
Puzzle
Country
The Office
hide this ad
More By:
Bokienextdoor
Quiz
Plays
Rating
Category
Featured
Created
Match the quote to the Spongebob Episode
317
Television
Dec 22, 2015
Game Grumps Haiku Match
252
4.50
Gaming
Jan 7, 2016
Super Smash Bros Characters by Quote
251
4.50
Gaming
Dec 5, 2015
Pokemon Type Combos Introduced in Gen 9
207
Gaming
Nov 25, 2022
Mario Odyssey Honeylune Ridge Escape Lyrics
206
5.00
Gaming
Feb 15, 2018
Go to Creator's Profile
Score Distribution
Quiz Creator Spotlight
Bokienextdoor
Follow
Send a Message
Quizzes Created
-
Created Quiz Play Count
-
More By This Creator
Popular Quizzes Today
1
Find the 'City' Movie
2
5x2 Blitz: Bands
3
Colored Red Africa Blitz
4
Find the US States - No Outlines Minefield
5
The Countries of the World
6
Find the US States
7
9x9 Crossword: Cartoon Network
8
US States
More Gaming Quizzes
Video Game Cover: Mario Kart 8 Deluxe
Curator's Pick
Trending Quizzes
Colored Red Africa Blitz II
Colored Red Europe Blitz I
Colored Red Africa Blitz III
Colored Red Europe Blitz II
Colored Red Europe Blitz III
Recently Updated
Champions League XIs: Real Madrid
pecheneg
Largest US Cities 1790-2010
pecheneg
Rides in Walt Disney World
pecheneg
Most Oscar Losses (Acting)
pecheneg
Beyoncé Albums
pecheneg
Leaping Animals
pecheneg
Reality TV Shows (A-Z)
bhenderson79
Rickey Henderson's Hall of Fame Teammates
pecheneg
Champions League XIs: Arsenal
pecheneg
Quick Pick: Celebrities in WWE's Hall of Fame
aduchscher
Trending Topics
Anime
Crossword
Disney
Harry Potter
NBA
Kpop
Marvel
Soccer
Pokémon
Song
Puzzle
Country
NFL
WWE
The Office
Your Account Isn't Verified!
In order to create a playlist on Sporcle, you need to verify the email address you used during registration. Go to your
Sporcle Settings
to finish the process.
Report this User
Report this user for behavior that violates our
Community Guidelines
.
Details:
Send Report
Go to the Sporcle.com Mobile Site →
Comments